La sécurité incendie dans l'entreprise: manuel pratique de l'équipe de sécurité

Furkejuvvon:
Bibliográfalaš dieđut
Váldodahkki: Chauveau, Henry (autor)
Materiálatiipa: Girji
Giella:fránskkagiella
Almmustuhtton: París, Francia Entreprise Moderne 1967
Preanttus:2a. ed
Fáttát:
Fáddágilkorat: Lasit fáddágilkoriid
Eai fáddágilkorat, Lasit vuosttaš fáddágilkora!

MARC

LEADER 00000nam a2200000 a 4500
001 UCQ1143
003 CL-VaPUC
005 20240906120139.0
008 980709e19670000FR |||||||||||||||||fre|d
999 |c 272147  |d 272145 
040 |c Pontificia Universidad Católica de Valparaíso 
082 0 4 |a 658.382 CHA 1967  |2 21 
100 0 |a Chauveau, Henry  |e autor  |9 414750 
245 1 3 |a La sécurité incendie dans l'entreprise: manuel pratique de l'équipe de sécurité 
250 |a 2a. ed 
260 0 3 |a París, Francia  |b Entreprise Moderne  |c 1967 
300 |a 186 páginas 
583 |a last modification  |c 19980709 00:00:00  |k Rodrigo Vera 
650 0 |a Seguridad  |9 354178 
650 0 |a Medidas de seguridad  |9 264085 
650 7 |a INCENDIO  |2 CL-VaPUC  |9 383565 
650 7 |a PROTECCION CONTRA INCENDIOS  |2 CL-VaPUC  |9 414751 
650 0 |a Administración del personal  |9 260442 
650 0 |a Seguridad en el trabajo  |9 339687 
650 0 |a Accidentes  |9 351162 
942 |c BK  |2 ddc 
945 |d 19980709 00:00:00  |a cmena 
952 |0 0  |1 0  |2 ddc  |4 0  |6 658_382000000000000_CHA_1967  |7 0  |8 P  |9 307016  |a BIBGIM  |b BIBGIM  |d 2019-11-20  |i 1433601  |o 658.382 CHA 1967  |p 1433601  |r 2025-01-15  |t 1  |w 2019-11-20  |y BK  |k COM